La II Exposición Nacional de Escuelas de Artes y Oficios y Elementales del Trabajo : la importante aportación al certamen de la Escuela Elemental del Trabajo de la Diputación de Barcelona / la importante aportación al certamen de la Escuela Elemental del Trabajo de la Diputación de Barcelona /
Descripción Física:
Il·lustracions
Colección:
San Jorge,
; núm. 3 (juliol 1951), pàg. 39-41
Materias:
Escola d'Arts i Oficis (Barcelona, Catalunya)
; Escola del Treball (Barcelona, Catalunya) -- Exposicions
; Escola del Treball (Barcelona, Catalunya)
; Escola d'Arts i Oficis Artístics (Barcelona, Catalunya) -- Exposicions
Idioma:
Español
MARC
| LEADER | 00000naa a2200000 a 4500 | ||
|---|---|---|---|
| 003 | Arxiu | ||
| 005 | 20260324181034.0 | ||
| 008 | 160829s1951 spcaxx s spa c | ||
| 040 | |a agdb | ||
| 245 | 0 | 3 | |a La II Exposición Nacional de Escuelas de Artes y Oficios y Elementales del Trabajo : |b la importante aportación al certamen de la Escuela Elemental del Trabajo de la Diputación de Barcelona / |c H. S. |
| 246 | 3 | 3 | |a Segunda Exposición Nacional de Escuelas de Artes y Oficios y Elementales del Trabajo |
| 300 | |b Il·lustracions | ||
| 490 | |a San Jorge, |v núm. 3 (juliol 1951), pàg. 39-41 | ||
| 610 | 2 | 0 | |a Escola d'Arts i Oficis (Barcelona, Catalunya) |9 55874 |
| 610 | 2 | 0 | |a Escola del Treball (Barcelona, Catalunya) |v Exposicions |9 54587 |
| 610 | 2 | 0 | |a Escola del Treball (Barcelona, Catalunya) |9 54586 |
| 610 | 2 | 0 | |a Escola d'Arts i Oficis Artístics (Barcelona, Catalunya) |v Exposicions |9 54588 |
| 773 | |t San Jorge. |g Núm. 3 (juliol 1951), pàg. 39-41 | ||
| 901 | |a Arxiu | ||
| 942 | |n 1 |2 udc |c ART | ||
| 952 | |0 0 |1 0 |4 0 |6 REV508 |7 1 |9 64697 |a Arxiu |b Arxiu |d 2022-12-12 |l 0 |o Rev-508 |r 2022-12-12 00:00:00 |w 2022-12-12 |y ARXIU | ||
| 999 | |c 48133 |d 48133 | ||